Statistics for 40 Completely Random Quotes

Click here to take the quiz!

General Stats

  • This quiz has been taken 25,371 times
  • The average score is 17 of 40

Answer Stats

SourceQuote% Correct
Forrest GumpLife is like a box of {chocolates}. You never know what you're gonna get.
96%
Julius CaesarI came, I saw, I {conquered}
92%
Lord Acton{Power} tends to corrupt and absolute {power} corrupts absolutely
66%
Friedrich NietzscheGod is {dead}
64%
Groucho MarxI never forget a {face}, but in your case I'll be glad to make an exception
64%
Andy WarholIn the future everyone will be {famous} for 15 minutes
62%
John LennonLife is what happens to you while you're busy making other {plans}
62%
Oscar WildeA cynic is a man who knows the price of everything and the {value} of nothing
57%
Harper LeeShoot all the blue jays you want, if you can hit 'em, but remember
it’s a sin to kill a {mockingbird}
57%
Niccolò MachiavelliIt is far safer to be {feared} than loved
55%
IdiomThe three most important things in real estate are {location}, {location}, {location}
55%
Albert Einstein *The definition of {insanity} is doing the same thing over and over and
expecting different results
54%
John F. KennedyWe choose to go to the {Moon}
54%
IdiomKnowledge is knowing that a tomato is a fruit. {Wisdom} is not putting it in a fruit salad.
51%
Winston Churchill *The best argument against {democracy} is a five minute conversation
with the average voter
51%
Al Capone *You can get much farther with a kind word and a {gun} than you
can with a kind word alone
51%
Theodore RooseveltSpeak softly and carry a big {stick}
50%
Princess DianaWell, there were three of us in this {marriage}, so it was a bit crowded
48%
Zen ProverbWhat is the sound of one hand {clapping}?
48%
William ShakespeareCry "Havoc!", and let slip the dogs of {war}
47%
Martin Luther King, Jr.I have a dream that my children will be judged
on the content of their {character}, not the color of their skin
46%
IdiomOne man's {terrorist} is another man's freedom fighter
40%
Mark TwainClothes make the man. {Naked} people have little or no influence on society.
38%
Queen Victoria *We are not {amused}
38%
P. T. Barnum *There's a {sucker} born every minute
36%
Sherlock HolmesWhen you have eliminated the {impossible}, whatever remains,
however improbable, must be the truth
36%
Mae West *A {hard} man is good to find
33%
Jessica SimpsonIs this {chicken}, what I have, or is this fish? I know it's tuna, but
it says "{Chicken} by the Sea"
33%
L. Ron HubbardIf a man really wanted to make a million dollars, the best way to do it
would be start his own {religion}
32%
Pablo Picasso *Good artists copy, great artists {steal}
28%
IdiomTwo wrongs don't make a right but three {lefts} do
27%
Dorothy ParkerMen seldom make passes at girls who wear {glasses}
26%
Ernest Hemingway *Write drunk, {edit} sober
22%
IdiomGreat minds think alike, and fools seldom {differ}
21%
H. L. MenckenNo one ever went broke underestimating the {intelligence} of the American people
19%
Eleanor Roosevelt *No one can make you feel {inferior} without your consent
17%
Percy ShelleyMy name is Ozymandias, king of kings, look on my works ye mighty, and {despair}
15%
William GibsonThe {future} is already here – it's just not very evenly distributed
14%
Sigmund Freud *Sometimes a {cigar} is just a {cigar}
12%
John BetjemanCome friendly {bombs} and fall on Slough
7%

Score Distribution

Percentile by Number Answered

Percent of People with Each Score

Your Score History

You have not taken this quiz